000 00851nam0a22002411 4500
001 rc\2863440
005 20110712090503.5
035 _a(NLR Aleph) 007017426
090 _a5875898
_c5875898
100 _a20110712d1930 |||y0rusy50 ca
101 0 _arus
102 _aRU
105 _ay z |||||
200 1 _aЛитературная пародия и классовая борьба
210 _a[Москва]
_a[Ленинград]
_cБ. и.
_d[1930]
215 _aС. 5-38
300 _aВ кн. Б. Бегак, Н. Кравцов, А. Морозов. Русская литературная пародия ... М.-Л. 1930. С. 5-38
700 1 _aЦейтлин
_bА. Г.
_f1901-1962
_gАлександр Григорьевич
801 0 _aRU
_bNLR
_gpsbo
801 1 _aRU
_bELAR
_2rusmarc
852 _aNLR
_j30-3/420
942 _cBOOK
980 _aNB